| 000 | 00561nam a2200181Ia 4500 | ||
|---|---|---|---|
| 003 | GCL | ||
| 008 | 140319s9999 xx 000 0 ara d | ||
| 040 |
_aGCL / _cGCL |
||
| 082 | 0 | 4 |
_a349.2 _bع و |
| 100 | 1 | _aعمرو فؤاد بركات | |
| 245 | 1 | 0 |
_aالوقف الاحتياطى: دراسة مقارنة / _cعمرو فؤاد بركات |
| 260 |
_a[S.N] : _bفؤاد هاشم الكتبى ، _c1985 |
||
| 490 | _a | ||
| 650 | 0 | 4 | _aالقانون |
| 650 | 0 | 4 | _aالقانون الادارى |
| 650 | 0 | 4 | _aالقانون المقارن |
| 942 |
_2ddc _cBK |
||
| 999 |
_c53834 _d53834 |
||